|
|
|
|
| LEADER |
00000nam a2200000 a 4500 |
| 001 |
vtls008347084 |
| 003 |
SK-MaSNL |
| 005 |
20260301164758.0 |
| 008 |
240509s1966 xo 000 cze |
| 015 |
|
|
|a SKSNBA1966/06-00963
|
| 035 |
|
|
|a SK01SNK19660039301
|
| 035 |
|
|
|a SKM000041764
|
| 040 |
|
|
|a SNK
|b slo
|c SNK
|e AACR2
|
| 041 |
0 |
|
|a cze
|
| 044 |
|
|
|a xo
|c SK
|
| 080 |
|
|
|a 621.332(075.8)(076.5)
|2 1981
|
| 100 |
1 |
|
|a Jurka, Vladimír
|4 aut
|9 368148
|
| 245 |
1 |
0 |
|a Příprava k laboratorním cvičením s výpočtovými modely napájení elektrických drah stejnosměrným proudem
|c Vladimír Jurka
|
| 260 |
|
|
|a Bratislava
|b SVTL
|a Žilina
|b VŠD
|c 1966
|e Bratislava
|f Západoslovenské tlačiarne 42
|
| 300 |
|
|
|a 54, [1] s., 5 tb. príl.
|c 4°
|
| 490 |
1 |
|
|a Dočasné vysokoškolské učebnice
|
| 500 |
|
|
|a Ilustr. Zozn. lit. Tb. Grafy. Diagramy. Schémy
|
| 500 |
|
|
|a Vyd. VŠD, Žilina v SVTL
|
| 563 |
|
|
|a 150 výtl.
|
| 650 |
0 |
7 |
|a trate elektrické
|x napájanie
|x cvičenia praktické
|2 SNK
|9 532663
|
| 655 |
|
7 |
|a Textbooks (higher)
|2 SNKPHeng
|9 276436
|
| 655 |
|
7 |
|a učebnice vysokých škôl
|2 SNKPH
|9 70191
|
| 655 |
|
7 |
|a učebnice
|2 SNKPH
|9 22521
|
| 830 |
|
0 |
|a Dočasné vysokoškolské učebnice
|9 278602
|
| 852 |
|
|
|a Slovenská národná knižnica v Martine
|b 10000
|h SB 12467
|
| 852 |
|
|
|a Slovenská národná knižnica v Martine
|b 10000
|h SB 12467 D1
|
| 958 |
|
|
|a OND
|
| 958 |
|
|
|a RK
|
| 958 |
|
|
|a RM
|
| 958 |
|
|
|a NB
|
| 958 |
|
|
|a UV
|
| 999 |
|
|
|c 821793
|d 823723
|
| 952 |
|
|
|a SNK
|b SNK
|y PREZ
|7 0
|p 17A0806024
|o snkSB 12467
|i snkKSP 4210/66
|0 0
|1 0
|4 0
|d 2013-09-16
|f 1
|l 0
|r 2025-03-06 00:00:00
|w 2026-02-24
|
| 952 |
|
|
|a SNK
|b SNK
|y PREZ
|7 0
|p 17A1023554
|o snkSB 12467/príl.
|i snkKSP 4210/66
|3 Príloha: 5 tab.
|z Príloha: 5 tab.
|0 0
|1 0
|4 0
|d 2013-09-16
|l 0
|r 2025-03-06 00:00:00
|w 2026-02-24
|